| 000 | 00593nam a2200205Ia 4500 | ||
|---|---|---|---|
| 008 | 131103s9999 xx 000 0 und d | ||
| 020 | _a705944252 | ||
| 040 | _aLoreto College | ||
| 041 | _aEnglish | ||
| 082 |
_a005.74/LON _bLCLIB/46029 |
||
| 100 | _aLoney, Kevin | ||
| 245 |
_aOracle Database 10g _b The complete reference _cKevin Loney |
||
| 260 |
_aNew Delhi _bTata McGraw-Hill Publishing Company Limited _c2004 |
||
| 300 |
_axvi,1381p _c 25 cm |
||
| 504 | _aIncludes index | ||
| 650 | _aOracle Database 10g | ||
| 651 | _aProgramming | ||
| 850 | _aLCLIB/005.74/LON | ||
| 942 | _cBK | ||
| 999 |
_c18051 _d68530 |
||